Jornadas universitarias sobre enseñanza media; recomendaciones y declaraciones /

Guardado en:
Autor Principal: Jornadas Universitarias
Formato: Libro
Publicado: Argentina : Universidad Nacional, 1964
Etiquetas: Agregar Etiqueta
Sin Etiquetas, Sea el primero en etiquetar este registro!
LEADER 00447nam a22001335a 4500
001 CEM.cems003516
008 130507s1964##################000#0#####d
005 20241220103504.0
245 1 0 |a Jornadas universitarias sobre enseñanza media; recomendaciones y declaraciones / 
260 |a Argentina :  |b Universidad Nacional,  |c 1964 
300 |a 121 p. 
100 1 |a Jornadas Universitarias 
082 0 4 |a 373 
859 |a CEMS  |b BIB. CEMS - 11 de abril  |h 373  |i J769  |p 14337.86  |t Ej.2